书目信息 |
| 题名: |
外研社·现代德汉汉德词典
|
|
| 作者: | 窦学富 编 | |
| 分册: | ||
| 出版信息: | 北京 外语教学与研究出版社 2003 |
|
| 页数: | 11,1969页 | |
| 开本: | 18cm | |
| 丛书名: | ||
| 单 册: | ||
| 中图分类: | H336 | |
| 科图分类: | ||
| 主题词: | 德语--汉语--词典 , 德语 , 汉语 , 词典 | |
| 电子资源: | ||
| ISBN: | 7-5600-2799-7 | |
| 000 | 00935nam0 2200277 450 | |
| 001 | 002359330 | |
| 005 | 20070805095637.87 | |
| 010 | @a7-5600-2799-7@b精装@dCNY69.90 | |
| 100 | @a20030515d2003 em y0chiy0110 ea | |
| 101 | 0 | @achi@ager |
| 102 | @aCN@b110000 | |
| 105 | @ay e 000yy | |
| 106 | @ar | |
| 200 | 1 | @a外研社·现代德汉汉德词典@Awai yan she · xian dai de han han de ci dian@f窦学富等编@Fdou xue fu deng bian |
| 210 | @a北京@c外语教学与研究出版社@d2003 | |
| 215 | @a11,1969页@d18cm | |
| 330 | @a本词典共收词5万余条,德汉部分25000余条和汉德部分29000余条,涵盖了德语和汉语的基础词汇、常用短语、广为使用的科技术语,近期出现的新词语等。 | |
| 510 | 1 | @aModernes Worterbuch Deutsch-Chinesisch Chinesisch-Deutsch@zger |
| 606 | 0 | @a德语@x汉语@j词典 |
| 606 | 0 | @a德语 |
| 606 | 0 | @a汉语 |
| 606 | 0 | @a词典 |
| 690 | @aH336@v4 | |
| 701 | 0 | @a窦学富@Adou xue fu@4编 |
| 801 | 0 | @aCN@bNLC@c20070805 |
| 905 | @dH336@e178@f3 | |
| 外研社·现代德汉汉德词典/窦学富等编.-北京:外语教学与研究出版社,2003 |
| 11,1969页;18cm |
| ISBN 7-5600-2799-7(精装):CNY69.90 |
| 本词典共收词5万余条,德汉部分25000余条和汉德部分29000余条,涵盖了德语和汉语的基础词汇、常用短语、广为使用的科技术语,近期出现的新词语等。 |
| ● |
| 相关链接 |
|
|
|
|
正题名:外研社·现代德汉汉德词典
索取号:H336/178
 
预约/预借
| 序号 | 登录号 | 条形码 | 馆藏地/架位号 | 状态 | 备注 |
| 1 | 0852360 | 208523604 | 第二样本阅览室/ [索取号:H336/178] | 在馆 | |
| 2 | 0852361 | 208523613 | 工具书阅览室/ [索取号:H336/178] | 在馆 | |
| 3 | 0852362 | 208523622 | 密集书库/ [索取号:H336/178] | 在馆 |